Масла трансмиссионные. Классификация и обозначение по ГОСТ 17479.2 (в редакции 1996 г.); Справочник. Инженерный журнал; № 9

Podrobná bibliografie
Parent link:Справочник. Инженерный журнал: научно-технический и производственный журнал.— , 2000-.— 0203-347X
№ 9.— 2006.— С. 6-7
Jazyk:ruština
Vydáno: 2006
Edice:Материалы. Зарубежные аналоги
Témata:
Médium: Kapitola
KOHA link:https://koha.lib.tpu.ru/cgi-bin/koha/opac-detail.pl?biblionumber=403407

MARC

LEADER 00000naa2a2200000 4500
001 403407
005 20231101065914.0
035 |a (RuTPU)RU\TPU\prd\49637 
090 |a 403407 
100 |a 20070314a2006 k y0rusy50 ca 
101 0 |a rus 
102 |a RU 
200 1 |a Масла трансмиссионные. Классификация и обозначение по ГОСТ 17479.2 (в редакции 1996 г.) 
225 1 |a Материалы. Зарубежные аналоги 
461 0 |0 (RuTPU)RU\TPU\prd\1723  |x 0203-347X  |t Справочник. Инженерный журнал  |o научно-технический и производственный журнал  |d 2000- 
463 0 |0 (RuTPU)RU\TPU\prd\48316  |t № 9  |v С. 6-7  |d 2006 
610 1 |a трансмиссионные масла 
610 1 |a классификация 
610 1 |a обозначение 
610 1 |a ГОСТ 17479.2 
610 1 |a вязкость 
801 1 |a RU  |b 63413507  |c 20070314  |g PSBO 
801 2 |a RU  |b 63413507  |c 20140117  |g RCR 
942 |c BK